| 000 | 01168nam2a2200313 4500 | ||
|---|---|---|---|
| 001 | RU\NLR\bibl\284556 | ||
| 005 | 20250620140525.0 | ||
| 010 |
_a5-204-00286-3 _93000 |
||
| 021 |
_aRU _b2002-10198 _9507 |
||
| 035 | _a(NLR Aleph) 000279991 | ||
| 090 |
_a1638305 _c1638305 |
||
| 100 | _a20020703d2001 |||y0rusy50 ca | ||
| 101 | 0 |
_arus _aaba |
|
| 102 | _aRU | ||
| 105 | _ay j ||||| | ||
| 200 | 0 | _aЧ. 1 | |
| 210 |
_d2001 _aБ. м. |
||
| 215 | _a123,[1] с. | ||
| 461 | 0 |
_1001RU\NLR\bibl\289521 _12001#$aЧитаем газету$vЧ. 1 _91667768 _aВолкова, З. Н. (д-р филол. наук) _cМ. _d2001 _fЗ.Н. Волкова _lReading the newspaper _nИзд-во УРАО _oУчеб. пособие по англ. яз. _tЧитаем газету _vЧ. 1 |
|
| 610 | 0 | _aАнглийский язык - Хрестоматии | |
| 610 | 0 | _aГазеты на английском языке - Методика чтения | |
| 675 |
_a811.111(075.8) _v3 _zrus |
||
| 686 |
_a81.2англ-923 _2rubbk |
||
| 801 | 0 |
_aRU _bRKP _c20020703 _gPSBO |
|
| 801 | 1 |
_aRU _bRKP _c20020703 |
|
| 801 | 2 |
_aRU _bNLR _c20040803 _grcr |
|
| 942 | _cBOOK | ||
| 980 | _aNB | ||